[Event "1st GMA World Cup #3"]
[Site "Reykjavik ISL"]
[Date "1988.10.??"]
[Round "3"]
[White "Sax, Gyula"]
[Black "Beliavsky, Alexander"]
[Result "1/2-1/2"]
[WhiteElo "2600"]
[BlackElo "2655"]
[EventDate "1988.10.03"]
[PlyCount "47"]

1.e4 e5 2.Nf3 Nc6 3.Bb5 a6 4.Ba4 Nf6 5.O-O Be7 6.Re1 b5 7.Bb3 d6 8.c3 O-O 
9.h3 Nb8 10.d4 Nbd7 11.Nbd2 Bb7 12.Bc2 Re8 13.Nf1 Bf8 14.Ng3 g6 15.a4 c5 
16.Be3 exd4 17.cxd4 Bxe4 18.Nxe4 Nxe4 19.Bxe4 Rxe4 20.dxc5 Nxc5 21.Qd5 Re8
22.axb5 axb5 23.b4 Ne6 24.Rxa8 1/2-1/2

[Event "1st GMA World Cup #3"]
[Site "Reykjavik ISL"]
[Date "1988.10.??"]
[Round "11"]
[White "Ribli, Zoltan"]
[Black "Sax, Gyula"]
[Result "1/2-1/2"]
[WhiteElo "2630"]
[BlackElo "2600"]
[EventDate "1988.10.03"]
[PlyCount "33"]

1.d4 Nf6 2.c4 e6 3.Nf3 b6 4.g3 Bb7 5.Bg2 Be7 6.O-O O-O 7.Nc3 Ne4 8.Nxe4 
Bxe4 9.Nh4 Bxg2 10.Nxg2 d5 11.Qc2 dxc4 12.Qxc4 c5 13.dxc5 Bxc5 14.Be3 Nd7 
15.Rfd1 Qe7 16.Bxc5 Nxc5 17.Ne3 1/2-1/2